01276cam a22003011 4500001001300000003000400013005001700017008004100034010001700075035002000092040004900112042001200161050002000173082001800193110004800211245029100259260002700550300007600577490002100653500007800674504003000752650004600782700004300828700002700871700003500898700002400933999001700957e 18001158 DLC20260227111210.0890509s1918 inuafg b 000 0 eng c ae 18001158  a(OCoLC)19680982 aU.S. Office of Education. LibrarycMsSMdDLC apremarc00aGV361b.I6 1918 a371.7322097721 aIndiana.bDepartment of Public Instruction.10aBulletin on physical education.bA manual of exercises and related subjects in physical training for the public schools of Indiana.cPrepared by W.A. Ocker ... George E. Schlafer ... W.F. King ... Marjorie Benckart ... Issued by Horace Ellis, State Superintendent of Public Instruction. a[Indianapolis?]c1918. a326 p.billus. (incl. music) plates (part col.) tables, diagrs.c23 cm.0 aBulletinvno. 36 aAt head of title: ... Department of Public Instruction. State of Indiana. aBibliography: p. 307-309. 0aPhysical education and trainingzIndiana.1 aOcker, W. A.q(William August),d1870-1 aSchlafer, George Ezra.1 aKing, William Franklin,d1874-1 aBenckart, Marjorie. c20266d20266